000 00326 a2200157 4500
001 74799
020 _a9788581930633
040 _cAnchieta - Colégio São Paulo
100 _aEluf, Lygia
240 1 0 _aDi Cavalcanti
_lpor
245 1 0 _aDi Cavalcanti
300 _a93
362 0 _a2013
650 4 _aPintura
942 _cBK
999 _c74799
_d74799